Textbook of applied physics Vol I (Record no. 152941)

MARC details
000 -LEADER
fixed length control field 00612nam a2200241Ia 4500
003 - CONTROL NUMBER IDENTIFIER
control field OSt
005 - DATE AND TIME OF LATEST TRANSACTION
control field 20250919095102.0
008 - FIXED-LENGTH DATA ELEMENTS--GENERAL INFORMATION
fixed length control field 210210b2009 xxu||||| |||| 00| 0 eng d
020 ## - INTERNATIONAL STANDARD BOOK NUMBER
International Standard Book Number 9789380026770
040 ## - CATALOGING SOURCE
Transcribing agency AL
041 ## - LANGUAGE CODE
Language code of text/sound track or separate title eng
082 ## - DEWEY DECIMAL CLASSIFICATION NUMBER
Classification number 530 JHAT
100 ## - MAIN ENTRY--PERSONAL NAME
Personal name Jha A K
9 (RLIN) 239559
245 ## - TITLE STATEMENT
Title Textbook of applied physics Vol I
260 ## - PUBLICATION, DISTRIBUTION, ETC.
Place of publication, distribution, etc. New Delhi
Name of publisher, distributor, etc. I K International Publishing House Pvt. Ltd
Date of publication, distribution, etc. 2009
300 ## - PHYSICAL DESCRIPTION
Extent xi,403p
440 ## - SERIES STATEMENT/ADDED ENTRY--TITLE
Title Vol 1
9 (RLIN) 239560
650 ## - SUBJECT ADDED ENTRY--TOPICAL TERM
Topical term or geographic name entry element holography
9 (RLIN) 239567
650 ## - SUBJECT ADDED ENTRY--TOPICAL TERM
Topical term or geographic name entry element fibre optics
9 (RLIN) 239568
690 ## - LOCAL SUBJECT ADDED ENTRY--TOPICAL TERM (OCLC, RLIN)
Topical term or geographic name as entry element Physics
9 (RLIN) 239570
906 ## - LOCAL DATA ELEMENT F, LDF (RLIN)
a 068738
942 ## - ADDED ENTRY ELEMENTS (KOHA)
Source of classification or shelving scheme Dewey Decimal Classification
Koha item type Book
Holdings
Withdrawn status Lost status Source of classification or shelving scheme Damaged status Not for loan Collection code Home library Current library Date acquired Source of acquisition Cost, normal purchase price Total Checkouts Full call number Barcode Date last seen Price effective from Koha item type
    Dewey Decimal Classification     Physics St Aloysius Library St Aloysius Library 02/17/2021 Super Book Services, Near Bangalore University, Bangalore-560056 265.00   530 JHAT 068738 02/17/2021 02/17/2021 Book